|
|
|
|
| LEADER |
00000nab#a22000007a#4500 |
| 001 |
arbauad010462 |
| 003 |
AR-BaUAD |
| 005 |
20250711111120.0 |
| 008 |
950425|||||||||###||||||b###|0###a|spa|| |
| 040 |
|
|
|a AR-BaUAD
|c AR-BaUAD
|b spa
|
| 245 |
1 |
0 |
|a Rare finds
|
| 300 |
0 |
|
|b fot.
|
| 500 |
|
|
|a Collección privada de joyas francesas de los años '20 y '30 perteneciente a Michael Chow expuestas en Sotheby, Manhattan.
|
| 653 |
|
|
|a ESTADOS UNIDOS
|
| 653 |
|
|
|a EXPOSICIONES
|
| 653 |
|
|
|a ACCESORIOS
|
| 653 |
|
|
|a INDUMENTARIA FEMENINA
|
| 653 |
|
|
|a JOYAS
|
| 773 |
0 |
|
|t Vogue
|g v. 184, no. 6 [jun. 1994], p. 88
|
| 942 |
|
|
|c ARTI
|
| 952 |
|
|
|0 0
|1 0
|4 0
|7 0
|9 55382
|a AR-BAuAD
|b AR-BAuAD
|d 2025-07-11
|l 0
|p AAQA010462
|r 2025-07-11 11:11:20
|w 2025-07-11
|y ARTI
|
| 990 |
|
|
|a DT199
|b TD
|
| 998 |
|
|
|a AAQ
|b BIBUN76
|
| 999 |
|
|
|c 35055
|d 35055
|